000 00475nam a2200121Ia 4500
008 220615s9999||||xx |||||||||||||| ||und||
245 0 _aGender Inequalities in Tech-driven Research and Innovation
_bLiving the Contradiction
546 _aEnglish[eng]
650 _aAcademy; Gender; ICT; Inequality; Innovation; Paradox; Research; Researchers
700 _aGriffin, Gabriele
856 _uhttps://library.oapen.org/bitstream/20.500.12657/55792/1/9781529219494.pdf
942 _cEB
999 _c12550
_d12550